000 00334nam a2200157Ia 4500
003 Ost
005 20260225132549.0
008 260225s9999||||xx |||||||||||||| ||und||
040 _cfsic
041 _afre
082 _a440
100 _aB E A
_eAuteur
245 0 _aAlgerie guide economique /
245 0 _cB E A
942 _cكتاب
999 _c34051
_d34051